الدية الشرعية بين الفقه والقانون الشرعي / (Record no. 124828)

MARC details
000 -الفاتح
عناصر البيانات ثابتة الطول 00702cam a2200193 i 4500
005 - تاريخ ووقت آخر معاملة
حقل ضبط 20251214110852.0
008 - عناصر البيانات ثابتة الطول
عناصر البيانات ثابتة الطول 250721s2011 jo gr 000 0 ara d
020 ## - الترقيم الدولي المعياري للكتب (ردمك)
الترقيم الدولي المعياري للكتب (ردمك) 995753517x
082 14 - رقم تصنيف ديوي العشري
رقم التصنيف 216.79
رقم المادة م ع ا
100 1# - مدخل رئيسي – اسم شخصي
الاسم الشخصي صلاح، المعايطة
علاقة الشخص بالعمل/ دوره مؤلف.
245 12 - بيان العنوان
العنوان الدية الشرعية بين الفقه والقانون الشرعي /
بيان المسؤولية تأليف القاضي صلاح المعايطة.
264 31 - بيانات النشر، التوزيع…إلخ
مكان النشر، التوزيع...إلخ عمان :
اسم الناشر، الموزع...إلخ مؤسسة البلسم للنشر والتوزيع،
تاريخ النشر، التوزيع...إلخ 2011.
300 ## - الوصف المادي
عدد الوحدات المكونة للوعاء 213 صفحة.
650 17 - مدخل إضافي بالموضوع - مصطلح موضوعي
مصطلح موضوعي أو اسم جغرافي كعنصر مدخل الفقه الاسلامي.
650 17 - مدخل إضافي بالموضوع - مصطلح موضوعي
مصطلح موضوعي أو اسم جغرافي كعنصر مدخل القانون.
650 17 - مدخل إضافي بالموضوع - مصطلح موضوعي
مصطلح موضوعي أو اسم جغرافي كعنصر مدخل حدود القتل.
942 ## - بيانات إضافية (كوها)
نوع التنصيف Dewey Decimal Classification
نوع المادة (كوها) Books
Holdings
حالة السحب حالة الفقدان مصدر التصنيف حالة التلف غير قابل للإعارة المكتبة الرئيسية المكتبة الحالية موقع الرف تاريخ التزويد الرقم المتسلسل Total Checkouts رقم الإستدعاء الباركود تاريخ آخر ظهور تاريخ الفاتورة نوع المادة (كوها)
    Dewey Decimal Classification     المكتبة المركزية المكتبة المركزية الإعارة 28/07/2025 1515410   216.79 / م ع ا PLD00244131 28/07/2025 28/07/2025 Books
    Dewey Decimal Classification     مكتبة أبو علندا العامة مكتبة أبو علندا العامة الإعارة 12/03/2012 1515413   216.79/معا PLD00244207 28/07/2025 12/03/2012 Books
    Dewey Decimal Classification     مكتبة أم قصير والمقابلين العامة مكتبة أم قصير والمقابلين العامة الإعارة 12/03/2012 1515414   216.79/معا PLD00244208 28/07/2025 12/03/2012 Books
    Dewey Decimal Classification     مكتبة الاميرة بديعة مكتبة الاميرة بديعة الإعارة 12/03/2012 1515415   216.79/معا PLD00244209 28/07/2025 12/03/2012 Books
    Dewey Decimal Classification     مكتبة الجويدة مكتبة الجويدة الإعارة 12/03/2012 1515412   216.79/معا PLD00244206 28/07/2025 12/03/2012 Books
    Dewey Decimal Classification     مكتبة النصر العامة مكتبة النصر العامة الإعارة 12/03/2012 1515416   216.79/معا PLD00244210 28/07/2025 12/03/2012 Books
    Dewey Decimal Classification     مكتبة حمزة العامة مكتبة حمزة العامة الإعارة 12/03/2012 1515418   216.79/معا PLD00244212 28/07/2025 12/03/2012 Books
    Dewey Decimal Classification     مكتبة وادي السير العامة مكتبة وادي السير العامة الإعارة 12/03/2012 1515419   216.79/معا PLD00244213 28/07/2025 12/03/2012 Books
Implemented & Customized by: BBB with SCIT (Smart Chains for Information Technology)

Powered by Koha